| 000 | 00000nam##2200000za#4500 |
| 001 | 9.661394 |
| 003 | CaOODSP |
| 005 | 20231123085144 |
| 007 | ta |
| 008 | 150407|1999||||xxc||||| f|0| 0 fre|d |
| 020 | |a0-662-64554-5 |
| 040 | |aCaOODSP|bfre |
| 041 | |aeng |
| 041 | |afre |
| 043 | |an-cn--- |
| 086 | 1 |aE2-195/1999 |
| 110 | 1 |aCanada. |bAffaires étrangères et commerce international Canada. |
| 245 | 10|aRéponse du Gouvernement au rapport du Comité permanent des affaires étrangères et du commerce international: le Canada et l'avenir de l'Organisation mondiale du commerce |
| 260 | |aOttawa - Ontario : |bAffaires étrangères et Commerce international |c1999. |
| 300 | |aTexte français, 31p. : |bill. ; |c28 cm. |
| 546 | |aBilingue |
| 563 | |aReliure à spirale |
| 590 | |a00-42|b2000-10-20 |
| 691 | 07|aCommerce extérieur|2gcpds |
| 691 | 07|aPolitique commerciale|2gcpds |
| 691 | 07|aNégociations commerciales|2gcpds |
| 776 | 0#|tRéponse du Gouvernement au rapport du Comité permanent des affaires étrangères et du commerce international - le Canada et l'avenir de l'Organisation mondiale du commerce |w(CaOODSP)9.637722 |
| 776 | 0#|tGovernment response to the report of the Standing Committee on Foreign Affairs and International Trade - Canada and the future of the World Trade Organization |w(CaOODSP)9.693546 |
| 791 | |tGovernment response to the report of the Standing Committee on Foreign Affairs and International Trade: Canada and the future of the World Trade Organization |eeng|w(CaOODSP)9.661393 |